Human Resources Management and Administration in the Legislature (Record no. 843)

MARC details
000 -LEADER
fixed length control field 00422nam a22001337a 4500
008 - FIXED-LENGTH DATA ELEMENTS--GENERAL INFORMATION
fixed length control field 230608b xxu||||| |||| 00| 0 eng d
020 ## - INTERNATIONAL STANDARD BOOK NUMBER
International Standard Book Number 9789966190048
082 ## - DEWEY DECIMAL CLASSIFICATION NUMBER
Classification number 658.36762
Item number CPST
110 ## - MAIN ENTRY--CORPORATE NAME
Subordinate unit CPST
245 ## - TITLE STATEMENT
Title Human Resources Management and Administration in the Legislature
Remainder of title A Manual of the Centre for Parliamentary Studies and Training
260 ## - PUBLICATION, DISTRIBUTION, ETC. (IMPRINT)
Place of publication, distribution, etc. Nairobi,Kenya
Name of publisher, distributor, etc. CPST
Date of publication, distribution, etc. 2015
300 ## - PHYSICAL DESCRIPTION
Extent IV,442p
942 ## - ADDED ENTRY ELEMENTS (KOHA)
Source of classification or shelving scheme Dewey Decimal Classification
Koha item type Books
Holdings
Withdrawn status Lost status Source of classification or shelving scheme Damaged status Not for loan Home library Current library Date acquired Total Checkouts Full call number Barcode Date last seen Price effective from Koha item type
    Dewey Decimal Classification     Bunge Tower Library Bunge Tower Library 06/08/2023   658.36762 CPST 100001412 06/08/2023 06/08/2023 Books
LIBRARY OPENING HOURS

When the Parliament is sitting: 8.00a.m - 7.00p.m or until the house adjourns
Mondays and Fridays and when the House is on Recess:  8.00a.m - 5.00p.m
Closed on Weekends and Public Holidays

Online Public Access Catalog (OPAC)
Website: http://www.parliament.go.ke
Bunge Library: https://libraryir.parliament.go.ke
Contact: library@parliament.go.ke | Tel no: (254-2)2221291 or 2848000 Ext 5043